[Event "EST-chT 21st"]
[Site "Tallinn"]
[Date "2006.03.25"]
[Round "5"]
[White "Vassiljev, Igor"]
[Black "Soskov, Vjatsheslav"]
[Result "1/2-1/2"]
[WhiteElo "2269"]
[BlackElo "2239"]
[PlyCount "64"]
[EventDate "2006.03.23"]
[EventType "team"]
[EventRounds "7"]
[EventCountry "EST"]
[SourceTitle "EXT 2007"]
[Source "ChessBase"]
[SourceDate "2006.11.23"]
[SourceVersion "1"]
[SourceVersionDate "2006.11.23"]
[SourceQuality "1"]
[WhiteTeam "Vabaettur II"]
[BlackTeam "Narva Maletaht"]
[WhiteTeamCountry "EST"]
[BlackTeamCountry "EST"]

1. c4 c5 2. Nf3 Nf6 3. g3 b6 4. Bg2 Bb7 5. 0-0 e6 6. b3 Be7 7. Bb2 0-0 8. Nc3 a6 9. e3 Nc6 10. Qe2 Rc8 11. Rac1 d5 12. cxd5 exd5 13. d4 cxd4 14. Nxd4 Nxd4 15. exd4 Re8 16. Qd3 Bb4 17. a3 Bf8 18. Rfe1 Qd7 19. Re2 Ne4 20. Rce1 Nxc3 21. Rxe8 Rxe8 22. Qxc3 Rxe1+ 23. Qxe1 Qf5 24. Qc3 Qb1+ 25. Bf1 Bc8 26. Qxc8 Qxb2 27. Qxa6 Qxd4 28. b4 g6 29. Qd3 Bg7 30. Qxd4 Bxd4 31. Bg2 Bb2 32. Bxd5 Bxa3 1/2-1/2

[Event "EST-chT 21st"]
[Site "Tallinn"]
[Date "2006.03.24"]
[Round "3"]
[White "Tarakanov, Oleg"]
[Black "Soskov, Vjatsheslav"]
[Result "0-1"]
[WhiteElo "2200"]
[BlackElo "2239"]
[PlyCount "100"]
[EventDate "2006.03.23"]
[EventType "team"]
[EventRounds "7"]
[EventCountry "EST"]
[SourceTitle "EXT 2007"]
[Source "ChessBase"]
[SourceDate "2006.11.23"]
[SourceVersion "1"]
[SourceVersionDate "2006.11.23"]
[SourceQuality "1"]
[WhiteTeam "Kadrioru MK"]
[BlackTeam "Narva Maletaht"]
[WhiteTeamCountry "EST"]
[BlackTeamCountry "EST"]

1. e4 c5 2. Nf3 e6 3. c3 Nf6 4. e5 Nd5 5. d4 cxd4 6. cxd4 b6 7. Bc4 Bb7 8. 0-0 d6 9. a3 Nd7 10. Re1 Be7 11. Bxd5 Bxd5 12. Nc3 Bxf3 13. Qxf3 0-0 14. Qg3 dxe5 15. Bh6 Bf6 16. dxe5 Nxe5 17. Rad1 Qe7 18. Bf4 Bh4 19. Qh3 Ng6 20. Bd6 Qb7 21. Bxf8 Rxf8 22. Ne4 Be7 23. Qd3 Qa8 24. Qb5 f5 25. Nc3 Nf4 26. Qf1 Rf6 27. Ne2 Nd5 28. g3 f4 29. Rd3 Bc5 30. Nd4 fxg3 31. hxg3 Nf4 32. gxf4 Bxd4 33. Qg2 Rg6 34. Rg3 Qxg2+ 35. Kxg2 Bxb2 36. Rxg6 hxg6 37. a4 Kf7 38. Kf3 Ke7 39. Ke4 Kd6 40. Rg1 Kc5 41. Rg5+ Kc4 42. a5 b5 43. a6 b4 44. Rxg6 Bf6 45. Rg1 b3 46. Rc1+ Bc3 47. Rb1 b2 48. f3 Bf6 49. Ke3 Kc3 50. Rd1 Kc2 0-1

[Event "EST-chT 21st"]
[Site "Tallinn"]
[Date "2006.03.23"]
[Round "1"]
[White "Soskov, Vjatsheslav"]
[Black "Kanep, Meelis"]
[Result "0-1"]
[WhiteElo "2239"]
[BlackElo "2528"]
[PlyCount "50"]
[EventDate "2006.03.23"]
[EventType "team"]
[EventRounds "7"]
[EventCountry "EST"]
[SourceTitle "EXT 2007"]
[Source "ChessBase"]
[SourceDate "2006.11.23"]
[SourceVersion "1"]
[SourceVersionDate "2006.11.23"]
[SourceQuality "1"]
[WhiteTeam "Narva Maletaht"]
[BlackTeam "Viljandi MS"]
[WhiteTeamCountry "EST"]
[BlackTeamCountry "EST"]

1. e4 c5 2. Nf3 d6 3. d4 cxd4 4. Nxd4 Nf6 5. Nc3 a6 6. f3 b5 7. Be3 Nbd7 8. g4 h6 9. Qd2 e6 10. h4 Ne5 11. Bd3 b4 12. Nce2 d5 13. exd5 Nxd5 14. 0-0-0 Bc5 15. Bf4 Nxd3+ 16. Qxd3 Nxf4 17. Nxf4 0-0 18. Nh5 Bb7 19. Qe3 Qd5 20. Rd3 Rfd8 21. Rhd1 e5 22. Nxg7 exd4 23. Qxh6 Bf8 24. Rxd4 Bxg7 25. Rxd5 Bxh6+ 0-1

[Event "Keres Memorial-B"]
[Site "Tallinn"]
[Date "2005.09.02"]
[Round "6"]
[White "Asauskas, Henrikas"]
[Black "Soskov, Vjatsheslav"]
[Result "1-0"]
[WhiteElo "2348"]
[BlackElo "2257"]
[PlyCount "95"]
[EventDate "2005.08.30"]
[EventType "tourn (rapid)"]
[EventRounds "9"]
[EventCountry "EST"]
[EventCategory "4"]
[SourceTitle "CBM 108 Extra"]
[Source "ChessBase"]
[SourceDate "2005.11.04"]
[SourceVersion "1"]
[SourceVersionDate "2005.11.04"]
[SourceQuality "1"]

1. e4 c5 2. Nf3 e6 3. d4 cxd4 4. Nxd4 a6 5. Nc3 Qc7 6. Be2 Nf6 7. a3 b5 8. f4 b4 9. axb4 Bxb4 10. 0-0 Bxc3 11. bxc3 Nxe4 12. Bd3 Nf6 13. Qe1 0-0 14. Qh4 Bb7 15. f5 e5 16. Bh6 gxh6 17. Qxf6 exd4 18. Qxh6 Qc6 19. Qg5+ Kh8 20. Be4 f6 21. Qh6 Qc5 22. Bxb7 dxc3+ 23. Kh1 Ra7 24. Bd5 Nc6 25. Rf3 Ne5 26. Rxc3 Qe7 27. h3 Rb8 28. Qe3 d6 29. Rca3 a5 30. Qh6 Qg7 31. Qh4 Rb5 32. c4 Rb8 33. Rxa5 Rxa5 34. Rxa5 h6 35. Rb5 Rc8 36. Be6 Ra8 37. Qe4 Ra1+ 38. Kh2 Qa7 39. c5 d5 40. Qxd5 Qc7 41. Qd6 Qg7 42. Rb8+ Kh7 43. Bg8+ Kh8 44. Bf7+ Kh7 45. Bg6+ Nxg6 46. fxg6+ Kxg6 47. Qg3+ Kh7 48. Qd3+ 1-0

[Event "Keres Memorial-B"]
[Site "Tallinn"]
[Date "2005.09.01"]
[Round "5"]
[White "Soskov, Vjatsheslav"]
[Black "Shlykov, Vitali"]
[Result "0-1"]
[WhiteElo "2257"]
[BlackElo "2213"]
[PlyCount "65"]
[EventDate "2005.08.30"]
[EventType "tourn (rapid)"]
[EventRounds "9"]
[EventCountry "EST"]
[EventCategory "4"]
[SourceTitle "CBM 108 Extra"]
[Source "ChessBase"]
[SourceDate "2005.11.04"]
[SourceVersion "1"]
[SourceVersionDate "2005.11.04"]
[SourceQuality "1"]

1. e4 e6 2. d4 d5 3. Nc3 Bb4 4. Qd3 a6 5. Bd2 dxe4 6. Qxe4 Nf6 7. Qh4 Be7 8. Qg3 Qxd4 9. Qxg7 Rg8 10. Qh6 Ng4 11. Qf4 Nc6 12. Qxd4 Nxd4 13. Rc1 Bd7 14. Nge2 Nf5 15. Bf4 Bc6 16. h3 Nf6 17. Bxc7 Bxg2 18. Bxg2 Rxg2 19. Nf4 Rg8 20. Nd3 b5 21. Be5 Nd7 22. Bf4 f6 23. Kd2 Kf7 24. Ne2 Nc5 25. f3 Nxd3 26. cxd3 e5 27. Bh2 Bb4+ 28. Kc2 Rg2 29. Kb3 a5 30. Rc7+ Kf8 31. a3 Rxe2 32. axb4 Nd4+ 33. Ka3 0-1

[Event "EST-chT 20th"]
[Site "Tallinn "]
[Date "2005.03.19"]
[Round "4"]
[White "Soskov, Vjatsheslav"]
[Black "Remmel, Anto"]
[Result "0-1"]
[WhiteElo "2262"]
[BlackElo "2268"]
[PlyCount "88"]
[EventDate "2005.03.17"]
[EventType "team-tourn"]
[EventRounds "7"]
[EventCountry "EST"]
[SourceTitle "EXT 2016"]
[Source "ChessBase"]
[SourceDate "2015.10.08"]
[SourceVersion "1"]
[SourceVersionDate "2015.10.08"]
[SourceQuality "1"]

1. e4 e5 2. Nf3 d6 3. d4 Nf6 4. dxe5 Nxe4 5. Qd5 Nc5 6. Bg5 Qd7 7. Nc3 c6 8. Qd2 dxe5 9. Nxe5 Qxd2+ 10. Bxd2 Be6 11. Be2 Nbd7 12. Nf3 Nf6 13. Ng5 Bf5 14. Bc4 Ne6 15. 0-0-0 Ng4 16. Rde1 Bd6 17. f3 Ne5 18. Bxe6 fxe6 19. f4 Nc4 20. Nxe6 Kf7 21. Ng5+ Kg6 22. g3 Rad8 23. Nce4 Nxd2 24. Nxd2 Rhe8 25. Ndf3 Kf6 26. Nh4 Bg6 27. Nxg6 Kxg6 28. Ne6 Rd7 29. f5+ Kf6 30. Rd1 Ree7 31. g4 g6 32. Rhf1 Bxh2 33. Rde1 gxf5 34. Rxf5+ Kg6 35. Nf8+ Kg7 36. Ne6+ Kg6 37. Nf8+ Kg7 38. Rh1 Rd6 39. b3 Re2 40. Nxh7 Kxh7 41. Rf7+ Kg6 42. Rxb7 Rdd2 43. Rxa7 Rxc2+ 44. Kd1 Red2+ 0-1

[Event "EST-ch"]
[Site "Tallinn"]
[Date "2004.??.??"]
[Round "8"]
[White "Firstov, Juri"]
[Black "Soskov, Vjatsheslav"]
[Result "1-0"]
[WhiteElo "2165"]
[BlackElo "2260"]
[PlyCount "89"]
[EventDate "2004.??.??"]
[EventType "tourn"]
[EventRounds "9"]
[EventCountry "EST"]
[EventCategory "4"]
[SourceTitle "EXT 2007"]
[Source "ChessBase"]
[SourceDate "2006.11.23"]
[SourceVersion "1"]
[SourceVersionDate "2006.11.23"]
[SourceQuality "1"]

1. d4 Nf6 2. Bg5 Ne4 3. Bf4 c5 4. f3 Qa5+ 5. c3 Nf6 6. Nd2 cxd4 7. Nb3 Qb6 8. cxd4 d5 9. e3 Nc6 10. Ne2 Bf5 11. g4 Bg6 12. Nc3 e6 13. h4 h6 14. a3 Qd8 15. Kf2 Be7 16. Rc1 a6 17. Na4 Nd7 18. h5 Bh7 19. Nac5 Nxc5 20. Nxc5 Bxc5 21. Rxc5 0-0 22. b4 Qe7 23. Qb3 Rfc8 24. Be2 Na7 25. a4 Rxc5 26. bxc5 Nc6 27. Bd6 Qd7 28. Qb6 Rc8 29. Ra1 Kh8 30. a5 Bg8 31. Rb1 Nd8 32. Qa7 Qe8 33. Rxb7 Nxb7 34. Qxb7 e5 35. Bxa6 exd4 36. exd4 Ra8 37. Bb5 Qd8 38. Bc7 Qh4+ 39. Bg3 Qd8 40. a6 f6 41. Bc6 Qa5 42. Qxa8 Qd2+ 43. Kf1 Qxd4 44. Bf2 Qf4 45. Bxd5 1-0